UM Logo

Employment law for business / (Record no. 4475)

MARC details
000 -LEADER
fixed length control field 01298cam a2200325 a 4500
001 - CONTROL NUMBER
control field 13059616
003 - CONTROL NUMBER IDENTIFIER
control field OSt
005 - DATE AND TIME OF LATEST TRANSACTION
control field 20160910153950.0
008 - FIXED-LENGTH DATA ELEMENTS--GENERAL INFORMATION
fixed length control field 030116s2004 mauk b 001 0 eng
010 ## - LIBRARY OF CONGRESS CONTROL NUMBER
LC control number 2003042088
020 ## - INTERNATIONAL STANDARD BOOK NUMBER
International Standard Book Number 0-07-255821-0 (alk. paper)
040 ## - CATALOGING SOURCE
Original cataloging agency DLC
Transcribing agency DLC
Modifying agency DLC
043 ## - GEOGRAPHIC AREA CODE
Geographic area code n-us---
050 00 - LIBRARY OF CONGRESS CALL NUMBER
Classification number KF3455
Item number .B46 2004
082 00 - DEWEY DECIMAL CLASSIFICATION NUMBER
Classification number DC 344.7301
Edition number 2004
Item number Al3e
100 1# - MAIN ENTRY--PERSONAL NAME
Personal name Bennett-Alexander, Dawn.
245 10 - TITLE STATEMENT
Title Employment law for business /
Statement of responsibility, etc. Dawn D. Bennett-Alexander, Laura P. Hartman.
250 ## - EDITION STATEMENT
Edition statement Fourth Edition
260 ## - PUBLICATION, DISTRIBUTION, ETC. (IMPRINT)
Place of publication, distribution, etc. Boston :
Name of publisher, distributor, etc. McGraw-Hill/Irwin,
Date of publication, distribution, etc. c2004.
300 ## - PHYSICAL DESCRIPTION
Extent xxiv, 792 pages :
Other physical details illustrations ;
Dimensions 24 cm.
504 ## - BIBLIOGRAPHY, ETC. NOTE
Bibliography, etc Includes bibliographical references and index.
650 #0 - SUBJECT ADDED ENTRY--TOPICAL TERM
Topical term or geographic name as entry element Labor laws and legislation
Geographic subdivision United States.
650 #0 - SUBJECT ADDED ENTRY--TOPICAL TERM
Topical term or geographic name as entry element Discrimination in employment
General subdivision Law and legislation
Geographic subdivision United States.
700 1# - ADDED ENTRY--PERSONAL NAME
Personal name Hartman, Laura Pincus.
856 42 - ELECTRONIC LOCATION AND ACCESS
Materials specified Publisher description
Uniform Resource Identifier <a href="http://www.loc.gov/catdir/description/mh031/2003042088.html">http://www.loc.gov/catdir/description/mh031/2003042088.html</a>
856 41 - ELECTRONIC LOCATION AND ACCESS
Materials specified Table of contents
Uniform Resource Identifier <a href="http://www.loc.gov/catdir/toc/mh031/2003042088.html">http://www.loc.gov/catdir/toc/mh031/2003042088.html</a>
906 ## - LOCAL DATA ELEMENT F, LDF (RLIN)
a 7
b cbc
c orignew
d 1
e ocip
f 20
g y-gencatlg
942 ## - ADDED ENTRY ELEMENTS (KOHA)
Source of classification or shelving scheme Dewey Decimal Classification
Koha item type Circulation
Holdings
Withdrawn status Lost status Source of classification or shelving scheme Damaged status Not for loan Collection code Home library Current library Shelving location Date acquired Source of acquisition Total Checkouts Full call number Barcode Date last seen Date last checked out Price effective from Koha item type
    Dewey Decimal Classification     AV-CD UM Digos College - LIC UM Digos College - LIC Book Cart 01/23/2007 PLMP 2 DC 344.7301 Al3e 2004 18918 05/15/2025 02/13/2019 09/10/2016 Circulation